| 000 | 00933nam1a22002411i 4500 | ||
|---|---|---|---|
| 001 | rc\173348 | ||
| 005 | 20240723212425.0 | ||
| 035 | _a(NLR Aleph) 005617002 | ||
| 090 |
_a6463178 _c6463178 |
||
| 100 | _a20030307d1992 u |0rusy50 ca | ||
| 101 | 0 | _arus | |
| 102 | _aRU | ||
| 105 | _ay ||||||||| | ||
| 200 | 1 |
_aОТКРЫТАЯ внешнеэкономическая политика КНР _eЭкон.-стат. справ. _f[Отв. ред. д. э. н. С.А. Манежев] |
|
| 210 |
_aМ. _cИн-т Дал. востока _d1992 |
||
| 215 | _d13 | ||
| 225 | 1 |
_aИнформационный бюллетень _fРос. акад. наук. Ин-т Дал. Востока _v№ 8 |
|
| 320 | _aБиблиогр. в подстроч. примеч. | ||
| 702 | 1 |
_aМанежев _bС.А. _gСергей Александрович _4340 |
|
| 801 | 0 |
_aRU _bNLR _gpsbo |
|
| 801 | 1 |
_aRU _bELAR _2rusmarc |
|
| 852 |
_aNLR _jП22/4353 |
||
| 942 | _cBOOK | ||